Na festivale tohto roku 58 horských filmov, z toho osem slovenských

Bibliographic Details
Format: Article
Language:Slovak
PhysicalDescription:Fotografie
ISSN:1339-407X
Subjects:

MARC

LEADER 00000nab a2200000 r4500
001 vtls011838645
003 SK-MaSNL
005 20260303094938.0
008 190201c2018 xo mr|p|||||||000 b|slo
015 |a SNBRB2019/02 
038 |a PPPK 
040 |a PPPKCL  |b slo  |e rda 
041 0 |a slo 
043 |a e-xo--- 
044 |a xo  |c SK 
072 7 |a 791  |x Film. Cirkus. Ľudová zábava  |2 konspekt 
080 |a 796.52  |2 2011 
080 |a 796.52.071.2  |2 2011 
080 |a 791.079  |x (437.6)  |2 2011 
245 0 0 |a Na festivale tohto roku 58 horských filmov, z toho osem slovenských 
300 |b Fotografie 
336 |a text  |b txt  |2 rdacontent 
337 |a bez média  |b n  |2 rdamedia 
338 |a zväzok  |b nc  |2 rdacarrier 
500 |a Autor a fotograf článku nie sú uvedení. 
611 2 7 |a Medzinárodný festival horských filmov  |n (26. :  |d 2018 :  |c Poprad, Slovensko ;  |c Kežmarok, Slovensko ;  |c Spišská Nová Ves, Slovensko)  |2 pppkcl  |9 1091383 
648 7 |a 10.-14.10.2018  |2 pppkcl  |9 1091384 
650 0 7 |a horolezci  |2 pppkcl  |9 3285 
650 0 7 |a horolezectvo  |2 pppkcl  |9 1050 
650 0 7 |a filmové festivaly a prehliadky  |2 pppkcl  |9 3405 
651 7 |a Poprad (Slovensko)  |2 pppkcl  |9 20155 
651 7 |a Kežmarok (Slovensko)  |2 pppkcl  |9 26808 
651 7 |a Spišská Nová Ves (Slovensko)  |2 pppkcl  |9 28800 
773 0 |t Pre mesto : nezávislé noviny životom pulzujúceho Popradu  |g Č. 23 (2018), s. 3  |x 1339-407X 
852 |a PPPK  |b KIS3GCP 
999 |c 1823113  |d 1825043